Statistical ecology /

Guardado en:
Autor Corporativo: International Symposium on Statistical Ecology New Haven, Conn.)
Otros Autores: Patil, Ganapati P. (Editor ), Pielou, E. C., 1924- (Editor ), Waters, William E., 1922- (Editor )
Formato: Libro
Idioma:English
Publicado: University Park : Pennsylvania State University Press, c1971.
Series:The Penn State statistics series
Materias:
Etiquetas: Agregar Etiqueta
Sin Etiquetas, Sea el primero en etiquetar este registro!
LEADER 01615nam a2200313 a 4500
001 MAT.inmabb004638
008 711221s1971####paua#####b####100#0#eng##
005 20130225124705.0
245 1 0 |a Statistical ecology /  |c edited by G. P. Patil, E. C. Pielou, W. E. Waters. 
260 |a University Park :  |b Pennsylvania State University Press,  |c c1971. 
300 |a 3 v. :  |b il. ;  |c 24 cm. 
440 4 |a The Penn State statistics series 
500 |a "Based on the proceedings of the International Symposium on Statistical Ecology, New Haven, Connecticut, August 1969, sponsored by the Ford Foundation ... [et al.] under the auspices of the International Statistical Institute and the International Association of Ecology." 
504 |a Incluye referencias bibliográficas. 
505 0 |a v. 1. Spatial patterns and statistical distributions -- v. 2. Sampling and modeling biological populations and population dynamics -- v. 3. Many species populations, ecosystems, and systems analysis. 
020 |a 0271001119 (v. 1) 
020 |a 0271001127 (v. 2) 
020 |a 0271001135 (v. 3) 
111 2 |a International Symposium on Statistical Ecology  |d (1969 :  |c New Haven, Conn.) 
700 1 |a Patil, Ganapati P.  |4 edt 
700 1 |a Pielou, E. C.,  |d 1924-  |4 edt 
700 1 |a Waters, William E.,  |d 1922-  |4 edt 
650 0 |a Ecology  |x Mathematical models  |x Congresses. 
084 |a 62P12 (92D40)  |2 msc2000 
010 |a  77114352  
040 |a DLC  |c DLC  |d DLC 
859 |h 92  |i In61  |p A-4359  |v 1  |3 Vol. 1  |b BIB. MATEMATICA 
859 |h 92  |i In61  |p A-4360  |v 2  |3 Vol. 2  |b BIB. MATEMATICA 
859 |h 92  |i In61  |p A-4361  |v 3  |3 Vol. 3  |b BIB. MATEMATICA